000 00419nam a2200181Ia 4500
001 13545
005 20260306164809.0
008 260306t2004||||xx |||||||||||||| ||spa||
041 _aESP
082 _a004.6
_bS78 2004
100 _aStallings, William
_eAUT
245 0 _aComunicaciones y redes de computadores
260 _c2004
300 _a
_c
650 _aGEN
654 _aCCC
942 _cLIB
_dJUS
_fJUS
_2ddc
_n
999 _c13545
_d13545